<?xml version="1.0" encoding="UTF-8"?>
<record
    xmlns:xsi="http://www.w3.org/2001/XMLSchema-instance"
    xsi:schemaLocation="http://www.loc.gov/MARC21/slim http://www.loc.gov/standards/marcxml/schema/MARC21slim.xsd"
    xmlns="http://www.loc.gov/MARC21/slim">

  <leader>00494nam a22001817a 4500</leader>
  <controlfield tag="005">20251204144121.0</controlfield>
  <controlfield tag="008">251203b        |||||||| |||| 00| 0 eng d</controlfield>
  <datafield tag="020" ind1=" " ind2=" ">
    <subfield code="a">978-81-19336-25-8</subfield>
  </datafield>
  <datafield tag="041" ind1=" " ind2=" ">
    <subfield code="a">eng</subfield>
  </datafield>
  <datafield tag="082" ind1=" " ind2=" ">
    <subfield code="a">616.07 JAI-P</subfield>
  </datafield>
  <datafield tag="100" ind1=" " ind2=" ">
    <subfield code="a">JAIN, DR.A.K.</subfield>
    <subfield code="9">8844</subfield>
  </datafield>
  <datafield tag="245" ind1=" " ind2=" ">
    <subfield code="a">PHYSIOLOGICAL ASPECTS OF CLINICAL CASES [FREE WITH TEXT BOOK]</subfield>
  </datafield>
  <datafield tag="250" ind1=" " ind2=" ">
    <subfield code="a">1ST ED 2023</subfield>
  </datafield>
  <datafield tag="260" ind1=" " ind2=" ">
    <subfield code="a">NEW DELHI</subfield>
    <subfield code="b">ARYA PUBLISHING COMPANY </subfield>
  </datafield>
  <datafield tag="300" ind1=" " ind2=" ">
    <subfield code="a">146;P</subfield>
  </datafield>
  <datafield tag="650" ind1=" " ind2=" ">
    <subfield code="a">PARAMEDICAL</subfield>
    <subfield code="x">BMIRT</subfield>
    <subfield code="9">8845</subfield>
  </datafield>
  <datafield tag="942" ind1=" " ind2=" ">
    <subfield code="c">BK</subfield>
  </datafield>
  <datafield tag="999" ind1=" " ind2=" ">
    <subfield code="c">9025</subfield>
    <subfield code="d">9023</subfield>
  </datafield>
  <datafield tag="952" ind1=" " ind2=" ">
    <subfield code="0">0</subfield>
    <subfield code="1">0</subfield>
    <subfield code="4">0</subfield>
    <subfield code="7">0</subfield>
    <subfield code="8">PARAMEDICAL</subfield>
    <subfield code="a">JRU</subfield>
    <subfield code="b">JRU</subfield>
    <subfield code="c">SHELF-105-C</subfield>
    <subfield code="d">2025-12-01</subfield>
    <subfield code="e">PURCHASE</subfield>
    <subfield code="g">300.00</subfield>
    <subfield code="h">LBI-000811/28-11-2025</subfield>
    <subfield code="l">0</subfield>
    <subfield code="o">616.07 JAI</subfield>
    <subfield code="p">29147</subfield>
    <subfield code="r">2025-12-03 11:03:33</subfield>
    <subfield code="w">2025-12-03</subfield>
    <subfield code="y">BK</subfield>
  </datafield>
  <datafield tag="952" ind1=" " ind2=" ">
    <subfield code="0">0</subfield>
    <subfield code="1">0</subfield>
    <subfield code="4">0</subfield>
    <subfield code="7">0</subfield>
    <subfield code="8">PARAMEDICAL</subfield>
    <subfield code="a">JRU</subfield>
    <subfield code="b">JRU</subfield>
    <subfield code="c">SHELF-105-C</subfield>
    <subfield code="d">2025-12-01</subfield>
    <subfield code="e">PURCHASE</subfield>
    <subfield code="g">300.00</subfield>
    <subfield code="h">LBI-000811/28-11-2025</subfield>
    <subfield code="l">0</subfield>
    <subfield code="o">616.07 JAI</subfield>
    <subfield code="p">29148</subfield>
    <subfield code="r">2025-12-03 11:03:33</subfield>
    <subfield code="w">2025-12-03</subfield>
    <subfield code="y">BK</subfield>
  </datafield>
  <datafield tag="952" ind1=" " ind2=" ">
    <subfield code="0">0</subfield>
    <subfield code="1">0</subfield>
    <subfield code="4">0</subfield>
    <subfield code="7">0</subfield>
    <subfield code="8">PARAMEDICAL</subfield>
    <subfield code="a">JRU</subfield>
    <subfield code="b">JRU</subfield>
    <subfield code="c">SHELF-105-C</subfield>
    <subfield code="d">2025-12-01</subfield>
    <subfield code="e">PURCHASE</subfield>
    <subfield code="g">300.00</subfield>
    <subfield code="h">LBI-000811/28-11-2025</subfield>
    <subfield code="l">0</subfield>
    <subfield code="o">616.07 JAI</subfield>
    <subfield code="p">29149</subfield>
    <subfield code="r">2025-12-03 11:03:33</subfield>
    <subfield code="w">2025-12-03</subfield>
    <subfield code="y">BK</subfield>
  </datafield>
  <datafield tag="952" ind1=" " ind2=" ">
    <subfield code="0">0</subfield>
    <subfield code="1">0</subfield>
    <subfield code="4">0</subfield>
    <subfield code="7">0</subfield>
    <subfield code="8">PARAMEDICAL</subfield>
    <subfield code="a">JRU</subfield>
    <subfield code="b">JRU</subfield>
    <subfield code="c">SHELF-105-C</subfield>
    <subfield code="d">2025-12-01</subfield>
    <subfield code="e">PURCHASE</subfield>
    <subfield code="g">300.00</subfield>
    <subfield code="h">LBI-000811/28-11-2025</subfield>
    <subfield code="l">0</subfield>
    <subfield code="o">616.07 JAI</subfield>
    <subfield code="p">29150</subfield>
    <subfield code="r">2025-12-03 11:03:33</subfield>
    <subfield code="w">2025-12-03</subfield>
    <subfield code="y">BK</subfield>
  </datafield>
  <datafield tag="952" ind1=" " ind2=" ">
    <subfield code="0">0</subfield>
    <subfield code="1">0</subfield>
    <subfield code="4">0</subfield>
    <subfield code="7">0</subfield>
    <subfield code="8">PARAMEDICAL</subfield>
    <subfield code="a">JRU</subfield>
    <subfield code="b">JRU</subfield>
    <subfield code="c">SHELF-105-C</subfield>
    <subfield code="d">2025-12-01</subfield>
    <subfield code="e">PURCHASE</subfield>
    <subfield code="g">300.00</subfield>
    <subfield code="h">LBI-000811/28-11-2025</subfield>
    <subfield code="l">0</subfield>
    <subfield code="o">616.07 JAI</subfield>
    <subfield code="p">29151</subfield>
    <subfield code="r">2025-12-03 11:03:33</subfield>
    <subfield code="w">2025-12-03</subfield>
    <subfield code="y">BK</subfield>
  </datafield>
</record>
